Questioning the author: an approach for enhancing student engagement with text

Guardat en:
Dades bibliogràfiques
Autors principals: Beck, Isabel L (Autor), McKeown, Margaret G (Autor), Hamilton, Rebecca L (Autor), Kucan, Linda (Autor)
Format: Llibre
Idioma:anglès
Publicat: Newark International Reading 1997
Matèries:
Etiquetes: Afegir etiqueta
Sense etiquetes, Sigues el primer a etiquetar aquest registre!

MARC

LEADER 00000nam a2200000 a 4500
001 UCO9508
003 CL-VaPUC
008 010302e19970000US |||||||||||||||||eng|d
082 0 4 |a 372.47  |b BEC  |2 21 
100 0 |a Beck, Isabel L  |e author  |9 454721 
700 0 |a McKeown, Margaret G  |e author  |9 454722 
700 0 |a Hamilton, Rebecca L  |e author  |9 454723 
700 0 |a Kucan, Linda  |e author  |9 454724 
245 1 0 |a Questioning the author: an approach for enhancing student engagement with text 
300 |a 122 p 
942 |c BK 
945 |d 20010302 00:00:00  |a cmena 
260 |a Newark  |b International Reading  |c 1997 
650 0 |a Comprensión de lectura  |9 307588 
650 0 |a Métodos de enseñanza  |9 270413 
650 0 |a Educación lingüística  |9 306506 
650 0 |a Constructivismo  |9 268156 
583 |a last modification  |c 20010302 00:00:00  |k Rodrigo Vera 
999 |c 293712  |d 293710 
952 |0 0  |1 0  |4 0  |6 372_470000000000000_BEC_1997  |7 0  |8 A  |9 345413  |a FDOPOS  |b FDOPOS  |d 2019-11-20  |i 3689255  |o 372.47 BEC 1997  |p 3689255  |r 2025-01-22  |w 2019-11-20  |y BK  |k MLA